|
|
|
|
| LEADER |
00000naa2a2200000 4500 |
| 001 |
173612 |
| 005 |
20231031164513.0 |
| 035 |
|
|
|a (RuTPU)RU\TPU\book\188293
|
| 090 |
|
|
|a 173612
|
| 100 |
|
|
|a 20091229d1995 k y0rusy50 ca
|
| 101 |
0 |
|
|a rus
|
| 102 |
|
|
|a RU
|
| 200 |
1 |
|
|a Оценка экологической обстановки в г. Северске по результатам геохимического исследования природных сред
|f С. И. Сарнаев, Л. П. Рихванов, А. Л. Мерзляков
|
| 320 |
|
|
|a Библиогр.: с. 231 (9 назв.)
|
| 461 |
|
1 |
|0 (RuTPU)RU\TPU\book\102402
|t Природокомплекс Томской области
|f Томский государственный университет (ТГУ)
|d 1995
|
| 463 |
|
0 |
|0 (RuTPU)RU\TPU\book\2202
|t Т. 1: Геология и экология
|v С. 224-231
|d 1995
|p 296 с.
|
| 610 |
1 |
|
|a труды учёных ТПУ
|
| 700 |
|
1 |
|a Сарнаев
|b С. И.
|4 070
|
| 701 |
|
1 |
|a Рихванов
|b Л. П.
|c российский ученый, геолог
|c профессор Томского политехнического университета, доктор геолого-минералогических наук
|c заслуженный геолог РФ
|c почетный работник высшего образования РФ
|f 1945-
|g Леонид Петрович
|2 stltpush
|3 (RuTPU)RU\TPU\pers\23187
|4 070
|
| 701 |
|
1 |
|a Мерзляков
|b А. Л.
|4 070
|
| 801 |
|
1 |
|a RU
|b 63413507
|c 20091229
|
| 801 |
|
2 |
|a RU
|b 63413507
|c 20111226
|g RCR
|
| 942 |
|
|
|c BK
|